The pregnant woman's comfort book : (Record no. 4131)
[ view plain ]
| 000 -LEADER | |
|---|---|
| fixed length control field | 00824pam a2200217 a 4500 |
| 001 - CONTROL NUMBER | |
| control field | 655248 |
| 005 - DATE AND TIME OF LATEST TRANSACTION | |
| control field | 20250222135623.0 |
| 008 - FIXED-LENGTH DATA ELEMENTS--GENERAL INFORMATION | |
| fixed length control field | 941222s1995 cau b 000 0 eng |
| 020 ## - INTERNATIONAL STANDARD BOOK NUMBER | |
| International Standard Book Number | 0062511653 (pbk. : acidfree paper) |
| 050 00 - LIBRARY OF CONGRESS CALL NUMBER | |
| Classification number | RG560 |
| Item number | .L68 1995 |
| 082 00 - DEWEY DECIMAL CLASSIFICATION NUMBER | |
| Classification number | 618.2/4 |
| Edition information | 20 |
| 100 1# - MAIN ENTRY--PERSONAL NAME | |
| Personal name | Louden, Jennifer. |
| 245 14 - TITLE STATEMENT | |
| Title | The pregnant woman's comfort book : |
| Remainder of title | a self-nurturing guide to your emotional well-being during pregnancy and early motherhood / |
| Statement of responsibility, etc. | Jennifer Louden. |
| 250 ## - EDITION STATEMENT | |
| Edition statement | 1st ed. |
| 260 ## - PUBLICATION, DISTRIBUTION, ETC. | |
| Place of publication, distribution, etc. | [San Francisco, CA] : |
| Name of publisher, distributor, etc. | HarperSanFrancisco, |
| Date of publication, distribution, etc. | c1995. |
| 300 ## - PHYSICAL DESCRIPTION | |
| Extent | vi, 314 p. ; |
| Dimensions | 24 cm. |
| 500 ## - GENERAL NOTE | |
| General note | "A Tree Clause book"--T.p. verso. |
| 650 #0 - SUBJECT ADDED ENTRY--TOPICAL TERM | |
| Topical term or geographic name entry element | Pregnancy |
| General subdivision | Psychological aspects. |
| 856 42 - ELECTRONIC LOCATION AND ACCESS | |
| Materials specified | Publisher description |
| Uniform Resource Identifier | <a href="http://www.loc.gov/catdir/description/hc043/94047638.html">http://www.loc.gov/catdir/description/hc043/94047638.html</a> |
| 942 ## - ADDED ENTRY ELEMENTS (KOHA) | |
| Source of classification or shelving scheme | Library of Congress Classification |
| Koha item type | Books |
| Edition | 1st ed. |
| Suppress in OPAC | No |
| 999 ## - | |
| -- | 4131 |
| -- | 4131 |
| Withdrawn status | Lost status | Source of classification or shelving scheme | Damaged status | Not for loan | Collection | Home library | Current library | Shelving location | Date acquired | Total checkouts | Full call number | Barcode | Date last seen | Copy number | Price effective from | Koha item type |
|---|---|---|---|---|---|---|---|---|---|---|---|---|---|---|---|---|
| Library of Congress Classification | Non-fiction | Science Library (Miotso) | Science Library (Miotso) | General stacks | 02/22/2025 | RG560 .L68 LOU | SLM00003644 | 02/22/2025 | 1 | 02/22/2025 | Books |